Purple Rain - Prince (All Lyrics) - Statistics

General Stats
  • This quiz has been taken 238 times
  • The average score is 156 of 208
Answer Stats
Answer % Correct
I
98%
purple
97%
Purple
97%
rain
97%
rain,
97%
to
95%
you
94%
You
94%
a
92%
the
91%
want
90%
in
86%
In
86%
me
85%
see
85%
never
84%
only
84%
Only
84%
be
75%
laughing
75%
Laughing
75%
your
75%
friend
74%
cause
73%
any
72%
pain
72%
we
72%
wanted
70%
meant
69%
it
65%
lover
65%
sorrow
65%
had
63%
end
61%
of
61%
friendship
60%
It's
60%
our
60%
shame
59%
such
59%
weekend
57%
some
56%
kind
55%
know,
53%
know
53%
time
53%
that
48%
from
46%
Bathing
45%
could
45%
one
45%
too
45%
And
44%
Baby,
44%
are
43%
another
41%
make
41%
Honey,
39%
steal
39%
For
37%
times
37%
But
36%
means
36%
say
35%
can't
34%
changing
34%
out
34%
up
34%
all
32%
mind
32%
new,
31%
let
30%
I'm
29%
guide
28%
reach
28%
what
28%
leader
26%
seem
26%
Underneath
26%
If
25%
something
25%
think
23%
better
21%
close
20%
singing
20%
here
19%
hand
17%
about
15%
raise
15%
C'mon,
5%
No matching quizzes found
Score Distribution
Percent of People with Each Score
Percentile by Number Answered
Your Score History
You have not taken this quiz